000 00643cam a2200193 4500500
005 20260329002657.0
041 _afre
042 _adc
100 1 0 _aRusch, Pierre
_eauthor
245 0 0 _aMargarethe von Trotta. « Je voulais que le public arrive à la même conclusion qu’Arendt »
260 _c2013.
500 _a100
690 _aEichmann
690 _aHannah Arendt
690 _aHeidegger
690 _aMargarethe von Trotta
786 0 _nPhilosophie magazine | 69 | 5 | 2013-05-01 | p. 31-32 | 1951-1787
856 4 1 _uhttps://shs.cairn.info/magazine-philosophie-magazine-2013-5-page-31?lang=fr&redirect-ssocas=7080
999 _c1817301
_d1817301